Central Library OPAC University of Rajshahi

The natural geography of plants / (Record no. 12614)

MARC details
000 -LEADER
fixed length control field 00812nam a22002531 4500
001 - CONTROL NUMBER
control field 12614
003 - CONTROL NUMBER IDENTIFIER
rucl marc code BD-RjUL
005 - DATE AND TIME OF LATEST TRANSACTION
control field 20211208235327.0
008 - FIXED-LENGTH DATA ELEMENTS--GENERAL INFORMATION
fixed length control field 140129r19651964nyuab 00110 eng d
035 ## - SYSTEM CONTROL NUMBER
System control number (BD-RjUL)12663
040 ## - CATALOGING SOURCE
Original cataloging agency DLC
Transcribing agency DLC
Modifying agency m.c.
-- BOS
-- BD-RjUL
Language of cataloging eng
041 ## - LANGUAGE CODE
Language code of text/sound track or separate title eng
082 00 - DEWEY DECIMAL CLASSIFICATION NUMBER
Classification number 581.9
Author mark and year GLN 1965
100 1# - MAIN ENTRY--PERSONAL NAME
Personal name Gleason, Henry A.,
Fuller form of name (Henry Allan),
Dates associated with a name 1882-1975.
9 (RLIN) 39292
245 14 - TITLE STATEMENT
Title The natural geography of plants /
Statement of responsibility, etc. by Henry A. Gleason and Arthur Cronquist.
260 ## - PUBLICATION, DISTRIBUTION, ETC. (IMPRINT)
Place of publication, distribution, etc. New York :
Name of publisher, distributor, etc. Columbia University Press,
Date of publication, distribution, etc. 1964 [reprinted 1965].
300 ## - PHYSICAL DESCRIPTION
Pagination viii, 420 p. :
Illustrations illus., maps.
Size 25 cm.
504 ## - BIBLIOGRAPHY, ETC. NOTE
Bibliography, etc Includes index.
650 #0 - SUBJECT ADDED ENTRY--TOPICAL TERM
Topical term or geographic name as entry element Phytogeography.
9 (RLIN) 39293
Topical term or geographic name as entry element Botany
Geographic subdivision North America.
9 (RLIN) 39294
700 1# - ADDED ENTRY--PERSONAL NAME
Personal name Cronquist, Arthur.
942 ## - ADDED ENTRY ELEMENTS (KOHA)
Source of classification or shelving scheme Dewey Decimal Classification
Koha item type Books
Holdings
Lost status Source of classification or shelving scheme Damaged status Not for loan Collection code Permanent Location Current Location Shelving location Date acquired Source of acquisition Cost, normal purchase price Total Checkouts Full call number Date last seen Copy number Koha item type
  Dewey Decimal Classification   Not For Loan Non-fiction Central Library, University of Rajshahi Central Library, University of Rajshahi Reading Room 04/09/1967 Swet and Zuitlinger 72.00   581.9 GLN 1965 29/01/2014 C-1 Books